• 首页
  • 本馆介绍
  • 公告通知
  • 最新文献
  • 馆藏检索
  • 电子资源
  • 读者导购
  • 参考咨询
  • 我的图书馆
  • 登录
  • 详细信息显示
  • 放入我的书架
  • 预约/预借图书
  • 作者相关作品
  • 分类相关作品
  • 丛书相关作品
  • 出版社相关作品

书目信息

  • 表格格式
  • 工作单格式
  • 卡片格式
题名:
蛇
    
 
作者: 谢召泰 编著
分册:  
出版信息: 上海   少年儿童出版社  1979
页数: 87页
开本: 19cm
丛书名: 少年自然科学丛书
单 册:
中图分类: I287.55
科图分类:
主题词: 儿童文学-科学故事--中国--现代 , 科学故事-儿童文学--中国--现代 , 蛇目--少年读物
电子资源:
ISBN:
000 00706nam2 2200265 45
001 0179006355
005 20060809152030.31
010    @dCNY0.20
091    @aCN@bR13024.58
100    @a19950721d1979 am y0chiy0121 ea
101 0  @achi
102    @aCN@b310000
105    @ay z 000fy
200 10 @a蛇@Ashe@f谢召泰编著
210    @a上海@c少年儿童出版社@d1979
215    @a87页@d19cm
225 2  @a少年自然科学丛书
410  0 @120010@a少年自然科学丛书
606    @a儿童文学-科学故事@y中国@z现代
606    @a科学故事-儿童文学@y中国@z现代
606    @a蛇目@x少年读物
690    @aI287.55@v3
701  0 @a谢召泰@Axie zhao tai@4编著
801  0 @aCN@bTSSF@c20060809
905    @a10447@dI287.55@e256
    
    蛇/谢召泰编著.-上海:少年儿童出版社,1979
    87页;19cm.-(少年自然科学丛书)
    
    
    ISBN :CNY0.20
    
●
相关链接 在E读中查询图书 在五车中查询图书 在当当中查询图书 在豆瓣中查询图书


正题名:蛇     索取号:I287.55/256         预约/预借

序号 登录号 条形码 馆藏地/架位号 状态 备注
1 0428777   204287770   密集书库/ [索取号:I287.55/256] 在馆    
2 0429152   204291523   密集书库/ [索取号:I287.55/256] 在馆    
3 0450678   204506784   密集书库/ [索取号:I287.55/256] 在馆    
唐山师范学院图书馆 欢迎您!
大连网信软件有限公司© 版权所有